000 00643nrm a2200217 ia4500
005 20231106120133.0
008 231018s2023 ja gleng d
024 _cRM 590.00
040 _aPPAK
_beng
_cPPAK
_erda
082 0 4 _a629.893
_223
090 0 0 _a629.893
_bSOC
_dRK
245 0 0 _aSoccer Robot
264 1 _aOsaka, Japan :
_bArtec Co., Ltd.,
_c2023
300 _a2 robots ( 1 red robot and 1 blue robot)
336 _aobject
_2rdacontent
337 _aunmediated
_2rdamedia
338 _avolume
_2rdacarrier
500 _aPlay on football canvas (comes separately)
650 1 0 _aRobots
942 _2ddc
_cGAM
999 _c193392
_d193392